000 00393nam a2200145Ia 4500
008 210210b1970 xxu||||| |||| 00| 0 eng d
082 _a813.01 ASHO
100 _aASHLEY (Leonard R N).
245 _aOther people's lives:34 short stories.
260 _aN Y
_bHoughton Mifflin Co.,
_c1970
300 _ax,418
650 _aShort Stories
690 _aAmerican English Fiction
906 _a031961
999 _c83168
_d83168